000 01176nab a22002177a 4500
999 _c5849
_d5849
003 OSt
005 20260108214537.0
008 190514b xxu||||| |||| 00| 0 spa d
040 _cPJ
100 _96721
_aSarquis, Lorena
245 1 0 _aBalance, consolidación y desafíos del proceso de restricción a la capacidad :
_bla figura de los apoyos /
_cLorena Sarquis, Luz M. Pagano.
300 _ap. 25-40
505 _aSumario: I. Introducción.— II. Un breve repaso de los estándares convencionales.— III. Sobre los procesos de restricción a la capacidad en el Cód. Civ. y Com.— IV. Sobre ciertos avances que se leen en la jurisprudencia actual en términos de consolidación.— V. Acerca de los desafíos que se avizoran en el horizonte.— VI. A modo de balance.
505 _tSi te interesa el texto, comunicate a koha@justierradelfuego.gov.ar
650 0 _91497
_aCODIGO CIVIL Y COMERCIAL
650 0 _9967
_aDERECHO DE FAMILIA
650 0 _93926
_aRESTRICCIONES A LA CAPACIDAD
700 _91002
_aPagano, Luz María
_ecoautor
773 0 _02844
_93222
_dBuenos Aires : AbeledoPerrot, 1989-
_tDerecho de familia. N° 120 - Julio 2025
_z18511201
942 _2udc
_cANA